000 00284nam a22001217a 4500
008 170602b xxu||||| |||| 00| 0 eng d
041 _aeng
080 _a94(4)
100 _a17
101 _aSHH
245 _aA HISTORY OF EARLY MODERN EUROPE 1500-1815
_cROWEN,H.H
942 _2udc
_cBK
999 _c15693
_d15693